| 000 | 00581cam a2200229ua 4500 | ||
|---|---|---|---|
| 020 |
_a0-07-099018-3 _c199.00 |
||
| 041 |
_aeng _h |
||
| 082 |
_a005.125 01 _bBAR/DI |
||
| 100 | _aBartee, Thomas C. | ||
| 245 |
_aDigital computer fundamentals / _cThomas C Bartee. _hTextual Documents |
||
| 250 |
_a5 / _b. |
||
| 260 |
_aNew York : _bMc Graw Hill Book Company , _c1995. |
||
| 300 | _a637 ; . | ||
| 365 | _a199.00 | ||
| 500 | _a19190 Scheme | ||
| 504 | _a | ||
| 650 | _aComputers | ||
| 650 | _aComputers | ||
| 942 | _cBK | ||
| 999 |
_c164 _d164 |
||